Yesterday, today and tomorow - the discourse of social networks

Opis počítačom sprostredkovaného diskurzu (Computer-Mediated Discourse; CMD) a pohľad na históriu sociálnych médií, konkrétne sociálnych sietí. Náčrt súčasných a potenciálnych tendencií v komunikácii sprostredkovanej počítačom.

Gespeichert in:
Bibliographische Detailangaben
1. Verfasser: Mochňacká, Barbora
Format: Buchkapitel
Sprache:Englisch
Schlagworte:
Tags: Tag hinzufügen
Keine Tags, Fügen Sie das erste Tag hinzu!

MARC

LEADER 00000nla a2200000 4500
001 0159506
005 20221103131239.1
041 0 |a eng 
044 |a SK 
245 1 0 |a Yesterday, today and tomorow - the discourse of social networks  |c Barbora Mochňacká 
520 |a Opis počítačom sprostredkovaného diskurzu (Computer-Mediated Discourse; CMD) a pohľad na históriu sociálnych médií, konkrétne sociálnych sietí. Náčrt súčasných a potenciálnych tendencií v komunikácii sprostredkovanej počítačom. 
610 2 0 |a počítače 
610 2 0 |a komunikácia 
610 2 0 |a technológie informačné 
610 2 0 |a technológie komunikačné 
610 2 0 |a siete počítačové 
610 2 0 |a siete sociálne 
610 2 0 |a história 
100 1 |a Mochňacká, Barbora